00704 a2200169 450000500170000000800410001704000480005804100080010611000360011424500870015026000270023730000320026465000710029665000490036765000730041665100450048920140903175031.0140211s1986 ck a grn 00| 0 spa d aCO-BoUCMbspacRoberto BurgosdHenry Ríos aspa1 aBanco Central Hipotecario. BCH 10aPlan de renovación urbanabNueva Santa Fe de BogotácBanco Central Hipotecario c1986aBogotábEscala a40 páginasbilustraciones 7aDesarrollo urbanozNueva Santa Fe de Bogotá (Bogotá, Colombia) 7aRehabilitación urbanazBogotá (Colombia) 7aViviendazNueva Santa Fe de Bogotá (Bogotá, Colombia)vProyectos 4aBogotá (Colombia)xMejoramiento urbano